000 00633nam a2200169 i 4500
001 29828
003 ES-MaACL
005 20230906154109.0
007 t|
008 030123q1956 sp ||||1| spa d
100 1 _aBasanta Santa-Cruz, Antonio.
_926248
245 1 3 _aEl Presupuesto Municipal extraordinario para obras o servicios de primer establecimiento en el medio rural
_b: ajustada a la Ley de Régimen Local, texto refundido de 24 d junio de 1955... /
_cpor Antonio Basanta Santa-Cruz.
250 _a4ª ed.
260 _aBarcelona :
_bBayer,
_c[1956?]
300 _a215 p. ;
_c24 cm.
852 _aES-MaACL
_jC-11879
_bR.40027
999 _c29828
_d29828